[Event "Titled Tuesday intern op 7th April"]
[Site "Chess.com INT"]
[Date "2020.04.07"]
[Round "5"]
[White "Harutyunian, Tigran K"]
[Black "Old, Dave"]
[Result "1/2-1/2"]
[WhiteElo "2551"]
[BlackElo "2516"]
[PlyCount "135"]
[EventDate "2020.04.07"]
[EventType "swiss (blitz)"]
[EventRounds "10"]
[EventCountry "USA"]
[SourceTitle "EXT 2021"]
[Source "ChessBase"]
[SourceDate "2020.10.23"]
[SourceVersion "1"]
[SourceVersionDate "2020.10.23"]
[SourceQuality "1"]

1. c4 e5 2. Nc3 Nc6 3. Nf3 Nf6 4. e4 Bb4 5. d3 d6 6. a3 Bxc3+ 7. bxc3 h6 8. g3 0-0 9. Bg2 Nd7 10. 0-0 Nc5 11. Nh4 a6 12. d4 Nd7 13. f4 b5 14. Nf5 Kh7 15. fxe5 dxe5 16. d5 Ne7 17. Qh5 Nf6 18. Qe2 Nxf5 19. exf5 e4 20. Bf4 bxc4 21. Qxc4 Qxd5 22. Qxd5 Nxd5 23. Bxe4 c6 24. f6+ g6 25. c4 Nxf4 26. Rxf4 Be6 27. Bxc6 Rac8 28. Bd5 Bxd5 29. cxd5 Rfd8 30. Rd1 g5 31. Rf3 Rd6 32. h4 Kg6 33. Kg2 Rcd8 34. hxg5 hxg5 35. Rfd3 Kxf6 36. g4 Ke5 37. Re1+ Kf6 38. Rf3+ Kg6 39. Re7 R8d7 40. Rfxf7 Rxe7 41. Rxe7 Kf6 42. Ra7 Ke5 43. Rg7 Kf4 44. Kf2 Rxd5 45. Rf7+ Kxg4 46. Ke3 Ra5 47. Ke4 Rxa3 48. Rg7 a5 49. Ke5 Kh4 50. Kf5 Rf3+ 51. Ke4 g4 52. Ra7 Ra3 53. Kf4 Ra4+ 54. Ke3 Kh3 55. Kf2 Rf4+ 56. Ke3 Rf5 57. Ke4 Rg5 58. Kf4 Rg8 59. Rh7+ Kg2 60. Ra7 g3 61. Rxa5 Kh2 62. Rh5+ Kg1 63. Kf3 g2 64. Ra5 Rf8+ 65. Kg3 Rg8+ 66. Kf3 Kh1 67. Rh5+ Kg1 68. Ra5 1/2-1/2

[Event "Titled Tuesday intern op 7th April"]
[Site "Chess.com INT"]
[Date "2020.04.07"]
[Round "3"]
[White "Shagbazyan, Taron"]
[Black "Old, Dave"]
[Result "0-1"]
[WhiteElo "2404"]
[BlackElo "2470"]
[PlyCount "96"]
[EventDate "2020.04.07"]
[EventType "swiss (blitz)"]
[EventRounds "10"]
[EventCountry "USA"]
[SourceTitle "EXT 2021"]
[Source "ChessBase"]
[SourceDate "2020.10.23"]
[SourceVersion "1"]
[SourceVersionDate "2020.10.23"]
[SourceQuality "1"]

1. d4 Nf6 2. c4 d6 3. Nc3 e5 4. Nf3 Nbd7 5. e4 g6 6. h3 Bg7 7. Be3 0-0 8. Qd2 Re8 9. d5 Nh5 10. g3 Nc5 11. b4 Na6 12. a3 f5 13. Rc1 Bd7 14. Bg2 f4 15. gxf4 Nxf4 16. Bxf4 exf4 17. Qxf4 Qe7 18. 0-0 Rf8 19. Qe3 Rae8 20. Nd4 Qh4 21. Nce2 Bh6 22. f4 g5 23. f5 g4 24. Qd3 Bxc1 25. Rxc1 gxh3 26. Qxh3 Qxh3 27. Bxh3 Rxe4 28. Bg2 Rg4 29. Rf1 Kf7 30. Kf2 Rfg8 31. Bf3 Rh4 32. Rc1 Rh2+ 33. Ke3 Nb8 34. Nf4 c5 35. bxc5 dxc5 36. Nde6 b6 37. Re1 Be8 38. Nd3 Nd7 39. Kf4 Rh4+ 40. Ke3 Kf6 41. Rf1 Rh3 42. Ndf4 Rh2 43. Nh5+ Bxh5 44. Be4 Rg3+ 45. Kf4 Rhh3 46. Bf3 Rxf3+ 47. Rxf3 Rxf3+ 48. Ke4 Rxf5 0-1

[Event "Titled Tuesday intern op 7th Januar"]
[Site "Chess.com INT"]
[Date "2020.01.07"]
[Round "6"]
[White "Old, Dave"]
[Black "Kanyamarala, Tarun"]
[Result "0-1"]
[WhiteElo "2381"]
[BlackElo "2320"]
[PlyCount "78"]
[EventDate "2020.01.07"]
[EventType "swiss (blitz)"]
[EventRounds "10"]
[EventCountry "USA"]
[SourceTitle "EXT 2021"]
[Source "ChessBase"]
[SourceDate "2020.10.23"]
[SourceVersion "1"]
[SourceVersionDate "2020.10.23"]
[SourceQuality "1"]

1. c4 b6 2. d4 Bb7 3. Nc3 e6 4. a3 Nf6 5. d5 Bc5 6. g3 exd5 7. cxd5 0-0 8. Bg2 Re8 9. Nh3 c6 10. Nf4 cxd5 11. Ncxd5 Nxd5 12. Nxd5 Nc6 13. 0-0 Nd4 14. e3 Ne6 15. b4 Bf8 16. Bb2 Rb8 17. Qg4 Bxd5 18. Bxd5 g6 19. e4 Bg7 20. e5 a5 21. Rad1 axb4 22. axb4 Qe7 23. Rfe1 Rec8 24. Bb3 Bf8 25. h4 Rc7 26. b5 Qb4 27. Qxb4 Bxb4 28. Re3 h5 29. Kg2 Ra8 30. Bd5 Ra5 31. Rb3 Be7 32. Bc3 Ra3 33. Rxa3 Bxa3 34. Bd2 Rc5 35. Be3 Rxb5 36. f4 Bc5 37. Bc1 Nd4 38. Bb7 Rb1 39. Rf1 Nb3 0-1

[Event "Titled Tuesday intern op 7th Januar"]
[Site "Chess.com INT"]
[Date "2020.01.07"]
[Round "9"]
[White "Sokolin, Leonid M"]
[Black "Old, Dave"]
[Result "1-0"]
[WhiteElo "2506"]
[BlackElo "2392"]
[PlyCount "73"]
[EventDate "2020.01.07"]
[EventType "swiss (blitz)"]
[EventRounds "10"]
[EventCountry "USA"]
[SourceTitle "EXT 2021"]
[Source "ChessBase"]
[SourceDate "2020.10.23"]
[SourceVersion "1"]
[SourceVersionDate "2020.10.23"]
[SourceQuality "1"]

1. e4 c5 2. c3 e6 3. d4 d5 4. exd5 exd5 5. Nf3 Nc6 6. Bb5 Bd6 7. dxc5 Bxc5 8. 0-0 Nge7 9. Nbd2 0-0 10. Nb3 Bb6 11. Re1 Nf5 12. Bd3 Be6 13. Bg5 Qd7 14. Bf4 Rfe8 15. Ne5 Nxe5 16. Bxe5 f6 17. Bf4 g5 18. Bd2 Nd6 19. Qf3 Kg7 20. Be3 Bxe3 21. Rxe3 Bf7 22. Rae1 Rxe3 23. Rxe3 Re8 24. Nd4 Re5 25. a3 Qe7 26. g3 Rxe3 27. Qxe3 Qxe3 28. fxe3 Nc4 29. Bxc4 dxc4 30. Kf2 Kg6 31. e4 h5 32. h4 Be8 33. Ke3 Bd7 34. Kf3 f5 35. e5 b6 36. Ke3 Bc8 37. Nf3 1-0